[Event "Warsaw YMCA Spring-C 169th"]
[Site "Warsaw"]
[Date "2016.06.15"]
[Round "11"]
[White "Sentowski, Sebastian"]
[Black "Dominiczak, Adrian"]
[Result "1/2-1/2"]
[WhiteElo "1698"]
[BlackElo "1718"]
[PlyCount "84"]
[EventDate "2016.04.06"]
[EventType "tourn"]
[EventRounds "13"]
[EventCountry "POL"]
[SourceTitle "EXT 2019"]
[Source "ChessBase"]
[SourceDate "2018.10.10"]
[SourceVersion "1"]
[SourceVersionDate "2018.10.10"]
[SourceQuality "1"]

1. d4 Nf6 2. Nf3 e6 3. c4 b6 4. Bg5 Bb7 5. e3 Bb4+ 6. Nc3 0-0 7. a3 Bxc3+ 8. bxc3 d5 9. Ne5 dxc4 10. Qa4 Qd5 11. Qxc4 Qxc4 12. Nxc4 Ne4 13. Bf4 Rc8 14. Rc1 Nd7 15. f3 g5 16. Bg3 Nxg3 17. hxg3 Kg7 18. Bd3 h6 19. Kd2 Rh8 20. Rb1 Rad8 21. e4 Ba6 22. Ke3 Bxc4 23. Bxc4 c5 24. f4 Kg6 25. Rbf1 cxd4+ 26. cxd4 Rc8 27. Kd3 Rhd8 28. Rc1 e5 29. f5+ Kg7 30. d5 Rc5 31. Kd2 Rdc8 32. Bd3 Kh7 33. Bb5 Nf6 34. Bd3 Ne8 35. Rxc5 Rxc5 36. Rc1 Rxc1 37. Kxc1 Nd6 38. g4 Kg7 39. Kc2 Kf6 40. Kb3 Ke7 41. a4 Kd8 42. Kb4 Kc7 1/2-1/2

[Event "Warsaw YMCA Spring-C 169th"]
[Site "Warsaw"]
[Date "2016.05.24"]
[Round "8"]
[White "Dominiczak, Adrian"]
[Black "Kwiek, Janusz"]
[Result "1-0"]
[WhiteElo "1718"]
[BlackElo "1575"]
[PlyCount "141"]
[EventDate "2016.04.06"]
[EventType "tourn"]
[EventRounds "13"]
[EventCountry "POL"]
[SourceTitle "EXT 2019"]
[Source "ChessBase"]
[SourceDate "2018.10.10"]
[SourceVersion "1"]
[SourceVersionDate "2018.10.10"]
[SourceQuality "1"]

1. d4 Nf6 2. Nf3 g6 3. c4 Bg7 4. Nc3 d5 5. cxd5 Nxd5 6. e4 Nxc3 7. bxc3 c5 8. Be2 Nc6 9. Be3 Qa5 10. Qd2 cxd4 11. cxd4 Qxd2+ 12. Kxd2 Bg4 13. Rab1 Bxf3 14. gxf3 Nxd4 15. Rxb7 Nxe2 16. Kxe2 a6 17. Rc1 e5 18. Bc5 Bf8 19. Bxf8 Rxf8 20. Rcc7 f6 21. Rxh7 g5 22. Ra7 Rxa7 23. Rxa7 Rf7 24. Rxa6 Rb7 25. Rxf6 Rb2+ 26. Kf1 Rxa2 27. Re6+ Kf7 28. Rxe5 Kg6 29. Kg2 Ra1 30. Rd5 Re1 31. Rd8 Kf6 32. Rg8 Re2 33. Kg3 Re1 34. Kg2 Re2 35. Kf1 Ra2 36. Ke1 Ra1+ 37. Ke2 Ra2+ 38. Ke3 Ra3+ 39. Kd4 Ra4+ 40. Kd5 Ra5+ 41. Kd6 Ra6+ 42. Kc5 Ra5+ 43. Kc4 Ra2 44. Kd4 Rd2+ 45. Ke3 Ra2 46. f4 gxf4+ 47. Kf3 Ra3+ 48. Kxf4 Rh3 49. Rg2 Rh4+ 50. Ke3 Rh3+ 51. f3 Rh8 52. Rb2 Rh3 53. Kf4 Rh4+ 54. Kg3 Rh8 55. h4 Rg8+ 56. Kf4 Rh8 57. Rh2 Rh5 58. Kg4 Kg6 59. f4 Ra5 60. h5+ Kh6 61. e5 Ra1 62. Kf5 Ra5 63. Kf6 Ra8 64. e6 Rf8+ 65. Ke5 Ra8 66. f5 Ra5+ 67. Kf6 Ra6 68. Kf7 Kh7 69. h6 Ra5 70. e7 Ra7 71. Kf8 1-0

[Event "Warsaw YMCA Spring-C 169th"]
[Site "Warsaw"]
[Date "2016.04.22"]
[Round "1"]
[White "Dominiczak, Adrian"]
[Black "Adamski, Adam"]
[Result "1-0"]
[WhiteElo "1718"]
[BlackElo "1617"]
[PlyCount "105"]
[EventDate "2016.04.06"]
[EventType "tourn"]
[EventRounds "13"]
[EventCountry "POL"]
[SourceTitle "EXT 2019"]
[Source "ChessBase"]
[SourceDate "2018.10.10"]
[SourceVersion "1"]
[SourceVersionDate "2018.10.10"]
[SourceQuality "1"]

1. d4 Nf6 2. Nf3 e6 3. Bg5 c5 4. c3 h6 5. Bh4 Qb6 6. Qc2 Nc6 7. e3 d5 8. Be2 g5 9. Bg3 Ne4 10. Nbd2 Nxg3 11. hxg3 Bg7 12. Nb3 c4 13. Nbd2 Na5 14. e4 Bd7 15. e5 Qd8 16. Nh2 h5 17. Nhf1 h4 18. gxh4 gxh4 19. Ne3 Qe7 20. Nf3 0-0-0 21. Ng4 Nc6 22. Qd2 f6 23. exf6 Bxf6 24. Nxf6 Qxf6 25. 0-0-0 Rdg8 26. Rhg1 Be8 27. Rde1 Bg6 28. Bd1 Be4 29. Qe3 Rh6 30. Ne5 Nxe5 31. dxe5 Qg5 32. f4 Qg3 33. Bf3 Rhg6 34. Bxe4 Qxe3+ 35. Rxe3 dxe4 36. Rh3 Rg4 37. Rf1 Rf8 38. Kd2 Rfxf4 39. Rxf4 Rxf4 40. Ke3 Rg4 41. Kd4 b5 42. Kc5 Rxg2 43. Rxh4 Rd2 44. Rxe4 Rd5+ 45. Kc6 a5 46. Kb6 b4 47. Rxc4+ Kd7 48. Rd4 bxc3 49. bxc3 a4 50. a3 Ke7 51. Rxd5 exd5 52. Kc5 Ke6 53. Kd4 1-0

[Event "Warsaw YMCA Spring-C 140th"]
[Site "Warsaw"]
[Date "2014.06.18"]
[Round "11"]
[White "Krzyzanowski, Antoni"]
[Black "Dominiczak, Adrian"]
[Result "0-1"]
[WhiteElo "1725"]
[BlackElo "1735"]
[PlyCount "74"]
[EventDate "2014.04.08"]
[EventType "tourn"]
[EventRounds "11"]
[EventCountry "POL"]
[SourceTitle "EXT 2015"]
[Source "ChessBase"]
[SourceDate "2014.11.20"]
[SourceVersion "1"]
[SourceVersionDate "2014.11.20"]
[SourceQuality "1"]

1. e4 c5 2. Nf3 e6 3. d4 cxd4 4. Nxd4 Qa5+ 5. Nc3 Bb4 6. Bd2 Qb6 7. Nb3 Ne7 8. Qg4 Ng6 9. h4 h5 10. Qg3 Nc6 11. f4 d6 12. Bd3 Bd7 13. Nd5 Bxd2+ 14. Kxd2 exd5 15. exd5 Nce7 16. f5 Ne5 17. Rae1 Qb4+ 18. Kc1 Qg4 19. Qe3 Nxd5 20. Qg1 0-0 21. Be4 Bc6 22. Nd4 Nb4 23. Nxc6 bxc6 24. Qd4 Nd5 25. Rhf1 Rab8 26. a3 Rb6 27. g3 Rfb8 28. b4 Qxg3 29. Bd3 Nxd3+ 30. cxd3 Nxb4 31. axb4 Rxb4 32. Re8+ Rxe8 33. Qxb4 Qxd3 34. Rd1 Qe3+ 35. Kb2 c5 36. Qa5 Rb8+ 37. Ka1 Qe5+ 0-1

[Event "Warsaw YMCA Spring-C 140th"]
[Site "Warsaw"]
[Date "2014.04.09"]
[Round "1"]
[White "Dominiczak, Adrian"]
[Black "Moskwinski, Marek"]
[Result "0-1"]
[WhiteElo "1735"]
[BlackElo "1795"]
[PlyCount "36"]
[EventDate "2014.04.08"]
[EventType "tourn"]
[EventRounds "11"]
[EventCountry "POL"]
[SourceTitle "EXT 2015"]
[Source "ChessBase"]
[SourceDate "2014.11.20"]
[SourceVersion "1"]
[SourceVersionDate "2014.11.20"]
[SourceQuality "1"]

1. d4 f5 2. Nc3 Nf6 3. Bg5 d6 4. Bxf6 gxf6 5. e4 Qd7 6. Qh5+ Kd8 7. Bd3 Nc6 8. Nf3 fxe4 9. Bxe4 Qg4 10. Qb5 a6 11. Qa4 Bd7 12. 0-0-0 b5 13. Qa3 d5 14. Bxd5 e6 15. Bxc6 Bxa3 16. Bxa8 Bd6 17. Rhg1 Ke7 18. Be4 b4 0-1

[Event "Warsaw YMCA Autumn-C 129th"]
[Site "Warsaw"]
[Date "2013.10.30"]
[Round "7"]
[White "Dominiczak, Adrian"]
[Black "Wilczynski, Adam"]
[Result "1-0"]
[WhiteElo "1762"]
[BlackElo "1696"]
[PlyCount "43"]
[EventDate "2013.09.16"]
[EventType "tourn"]
[EventRounds "13"]
[EventCountry "POL"]
[SourceTitle "EXT 2015"]
[Source "ChessBase"]
[SourceDate "2014.11.20"]
[SourceVersion "1"]
[SourceVersionDate "2014.11.20"]
[SourceQuality "1"]

1. d4 Nf6 2. Nf3 e6 3. Bg5 c5 4. e3 cxd4 5. exd4 Qa5+ 6. c3 Ne4 7. Bh4 Bd6 8. Bd3 f5 9. Nbd2 Nxd2 10. Nxd2 Bf4 11. Nc4 Qd5 12. Rg1 0-0 13. Bg3 Bg5 14. Bd6 b5 15. Bxf8 bxc4 16. Be2 Qe4 17. Bd6 Bb7 18. Kf1 Bd5 19. Bf3 Qh4 20. Bxd5 exd5 21. Qf3 Qe4 22. Re1 1-0

[Event "Warsaw YMCA Autumn-C 129th"]
[Site "Warsaw"]
[Date "2013.10.16"]
[Round "5"]
[White "Dominiczak, Adrian"]
[Black "Kaminski, Jan"]
[Result "1-0"]
[WhiteElo "1762"]
[BlackElo "1753"]
[PlyCount "61"]
[EventDate "2013.09.16"]
[EventType "tourn"]
[EventRounds "13"]
[EventCountry "POL"]
[SourceTitle "EXT 2015"]
[Source "ChessBase"]
[SourceDate "2014.11.20"]
[SourceVersion "1"]
[SourceVersionDate "2014.11.20"]
[SourceQuality "1"]

1. d4 Nf6 2. Nf3 d5 3. Bg5 e6 4. Nbd2 c6 5. e3 Qb6 6. Rb1 Be7 7. Bd3 0-0 8. 0-0 Nbd7 9. a3 Qc7 10. e4 e5 11. Re1 exd4 12. e5 Nxe5 13. Nxe5 h6 14. Bh4 Be6 15. Ndf3 c5 16. b4 c4 17. Bf1 Ne4 18. Qxd4 g5 19. Bg3 Nxg3 20. hxg3 Bf6 21. Qc5 Qd8 22. Rbd1 b6 23. Qe3 Qc7 24. Nd4 Bc8 25. Nb5 Qxe5 26. Qxe5 Bxe5 27. Rxe5 Bb7 28. Nc7 Rac8 29. Nxd5 Kg7 30. Re7 Bxd5 31. Rxd5 1-0

[Event "Warsaw YMCA Spring-D 92nd"]
[Site "Warsaw"]
[Date "2011.06.21"]
[Round "12"]
[White "Woloszyn, Piotr"]
[Black "Dominiczak, Adrian"]
[Result "0-1"]
[WhiteElo "1681"]
[BlackElo "1722"]
[PlyCount "54"]
[EventDate "2011.04.05"]
[EventType "tourn"]
[EventRounds "13"]
[EventCountry "POL"]
[SourceTitle "EXT 2019"]
[Source "ChessBase"]
[SourceDate "2018.10.10"]
[SourceVersion "1"]
[SourceVersionDate "2018.10.10"]
[SourceQuality "1"]

1. Nf3 Nf6 2. g3 e6 3. c4 b6 4. Nc3 Bb7 5. Bg2 Be7 6. 0-0 0-0 7. d4 d5 8. Ne5 Nfd7 9. cxd5 exd5 10. Qa4 Re8 11. Nxd7 Nxd7 12. Nxd5 Bxd5 13. Bxd5 Nc5 14. Qc4 Ne6 15. Bxa8 Qxa8 16. f3 c5 17. e3 Ng5 18. Kg2 Qc8 19. g4 h5 20. h3 h4 21. Qd5 Bf6 22. Qf5 Qa6 23. dxc5 Nxh3 24. Qc2 Nf4+ 25. Kg1 Nh3+ 26. Kg2 Nf4+ 27. Kh2 Qxf1 0-1

[Event "Warsaw YMCA Winter-C 88th"]
[Site "Warsaw"]
[Date "2011.03.23"]
[Round "10"]
[White "Pastuszko, Kinga"]
[Black "Dominiczak, Adrian"]
[Result "1-0"]
[WhiteElo "1795"]
[BlackElo "1722"]
[PlyCount "79"]
[EventDate "2011.01.04"]
[EventType "tourn"]
[EventRounds "13"]
[EventCountry "POL"]
[SourceTitle "EXT 2019"]
[Source "ChessBase"]
[SourceDate "2018.10.10"]
[SourceVersion "1"]
[SourceVersionDate "2018.10.10"]
[SourceQuality "1"]

1. e4 c5 2. Nf3 d6 3. d4 cxd4 4. Nxd4 Nf6 5. Nc3 a6 6. f4 e6 7. Bd3 Qb6 8. Rb1 Nbd7 9. Be3 Nc5 10. 0-0 Be7 11. Qf3 0-0 12. e5 Nfd7 13. Bxh7+ Kxh7 14. Qh5+ Kg8 15. Rf3 Nxe5 16. fxe5 dxe5 17. Bh6 Nd7 18. Bxg7 Qxd4+ 19. Kh1 Qh4 20. Qxh4 Bxh4 21. Bxf8 Kxf8 22. Rbf1 f5 23. g4 b5 24. Rh3 Be7 25. Rd1 Bc5 26. Kg2 Bd4 27. gxf5 exf5 28. Ne2 Bxb2 29. Rb3 Bb7+ 30. Kg1 Bf3 31. Rxf3 e4 32. Rxf5+ Ke7 33. Nf4 Rc8 34. Rd2 Bc1 35. Re2 e3 36. Nd5+ Ke6 37. Rg5 Rc5 38. Nf4+ Kd6 39. Rxc5 Kxc5 40. Nd3+ 1-0

[Event "Warsaw YMCA Winter-C 88th"]
[Site "Warsaw"]
[Date "2011.02.08"]
[Round "6"]
[White "Wrabel, Antoni"]
[Black "Dominiczak, Adrian"]
[Result "1/2-1/2"]
[WhiteElo "1751"]
[BlackElo "1722"]
[PlyCount "85"]
[EventDate "2011.01.04"]
[EventType "tourn"]
[EventRounds "13"]
[EventCountry "POL"]
[SourceTitle "EXT 2019"]
[Source "ChessBase"]
[SourceDate "2018.10.10"]
[SourceVersion "1"]
[SourceVersionDate "2018.10.10"]
[SourceQuality "1"]

1. e4 c5 2. Nf3 d6 3. d4 cxd4 4. Nxd4 Nf6 5. f3 e6 6. c4 Nc6 7. Nc3 Be7 8. Nc2 b6 9. Be3 Bb7 10. Be2 Rc8 11. Qd2 0-0 12. 0-0 Na5 13. b3 d5 14. cxd5 Qc7 15. Bc4 Nxc4 16. bxc4 Qxc4 17. Bd4 Bc5 18. Ne2 e5 19. Bxc5 Qxc5+ 20. Ne3 Ba6 21. Rfc1 Qa3 22. Kf2 Nd7 23. Nf5 g6 24. Ne3 Nc5 25. Rc2 Nd3+ 26. Kg3 Qe7 27. h4 f5 28. exf5 gxf5 29. Nxf5 Rxf5 30. Rxc8+ Bxc8 31. Qxd3 Qg7+ 32. Kh2 Rh5 33. g3 e4 34. Qd1 exf3 35. Nf4 Qg4 36. Qd4 Rxh4+ 37. gxh4 Qxh4+ 38. Kg1 Qg3+ 39. Kh1 Qh4+ 40. Kg1 Qg3+ 41. Kh1 Qh4+ 42. Kg1 Qg3+ 43. Kh1 1/2-1/2

[Event "Warsaw YMCA Autumn-D 81st"]
[Site "Warsaw"]
[Date "2010.11.16"]
[Round "8"]
[White "Gierech, Pawel"]
[Black "Dominiczak, Adrian"]
[Result "0-1"]
[WhiteElo "1693"]
[BlackElo "1708"]
[PlyCount "100"]
[EventDate "2010.09.21"]
[EventType "tourn"]
[EventRounds "13"]
[EventCountry "POL"]
[SourceTitle "EXT 2019"]
[Source "ChessBase"]
[SourceDate "2018.10.10"]
[SourceVersion "1"]
[SourceVersionDate "2018.10.10"]
[SourceQuality "1"]

1. c4 c6 2. Nc3 Nf6 3. Nf3 d5 4. e3 e6 5. b3 Nbd7 6. Bb2 e5 7. cxd5 cxd5 8. Be2 a6 9. d3 Bd6 10. 0-0 0-0 11. h3 b5 12. Nh4 d4 13. exd4 exd4 14. Nb1 Bc5 15. Bf3 Rb8 16. Nf5 Ne5 17. Be4 Nxe4 18. dxe4 Bxf5 19. exf5 Qg5 20. f4 Qxf5 21. fxe5 Qxe5 22. Nd2 d3+ 23. Kh1 Qxb2 24. Ne4 Bb6 25. Qxd3 Rbd8 26. Qf3 f5 27. Ng5 Qf6 28. Qh5 h6 29. Ne4 Qe5 30. Rae1 Bc7 31. g3 fxe4 32. Rxf8+ Rxf8 33. Qxe5 Bxe5 34. Kg2 Bd4 35. Rxe4 Rf2+ 36. Kh1 Rd2 37. a4 bxa4 38. bxa4 a5 39. Rf4 Bc3 40. h4 Ra2 41. Rc4 Bb4 42. g4 Rxa4 43. g5 hxg5 44. hxg5 Ra2 45. g6 Bf8 46. Rc6 a4 47. Ra6 a3 48. Ra8 Rb2 49. Ra6 a2 50. Ra8 Rb1+ 0-1

[Event "Warsaw YMCA Autumn-D 81st"]
[Site "Warsaw"]
[Date "2010.10.05"]
[Round "3"]
[White "Jarmolowski, Tadeusz"]
[Black "Dominiczak, Adrian"]
[Result "1/2-1/2"]
[WhiteElo "1721"]
[BlackElo "1708"]
[PlyCount "71"]
[EventDate "2010.09.21"]
[EventType "tourn"]
[EventRounds "13"]
[EventCountry "POL"]
[SourceTitle "EXT 2019"]
[Source "ChessBase"]
[SourceDate "2018.10.10"]
[SourceVersion "1"]
[SourceVersionDate "2018.10.10"]
[SourceQuality "1"]

1. e4 c5 2. c3 d5 3. exd5 Qxd5 4. d4 Nf6 5. Nf3 e6 6. Na3 Nc6 7. Nb5 Qd8 8. Bf4 Nd5 9. Bg3 a6 10. c4 Qa5+ 11. Qd2 axb5 12. Qxa5 Rxa5 13. cxd5 Nb4 14. Bc7 Ra8 15. Kd2 c4 16. dxe6 Bxe6 17. a3 Nd5 18. Bg3 Be7 19. Be2 0-0 20. Rhd1 Rfc8 21. Ke1 b4 22. axb4 Nxb4 23. Kf1 b5 24. Ne5 f6 25. Bg4 Bxg4 26. Nxg4 Nd3 27. Rab1 Ra2 28. b3 Rb2 29. bxc4 bxc4 30. Rxb2 Nxb2 31. Rc1 c3 32. Ke2 Ba3 33. Ne3 Nd3 34. Kxd3 Bxc1 35. Nd5 Kf7 36. Nxc3 1/2-1/2

[Event "Warsaw YMCA Autumn-D 81st"]
[Site "Warsaw"]
[Date "2010.09.28"]
[Round "2"]
[White "Dominiczak, Adrian"]
[Black "Olsztynski, Andrzej"]
[Result "1-0"]
[WhiteElo "1708"]
[BlackElo "1550"]
[PlyCount "87"]
[EventDate "2010.09.21"]
[EventType "tourn"]
[EventRounds "13"]
[EventCountry "POL"]
[SourceTitle "EXT 2019"]
[Source "ChessBase"]
[SourceDate "2018.10.10"]
[SourceVersion "1"]
[SourceVersionDate "2018.10.10"]
[SourceQuality "1"]

1. e4 d5 2. exd5 Qxd5 3. Nc3 Qa5 4. d4 Nf6 5. Nf3 Bf5 6. Ne5 Nbd7 7. Nc4 Qa6 8. Ne3 Qa5 9. Nxf5 Qxf5 10. Bd3 Qa5 11. Bd2 c6 12. 0-0 Qb6 13. Ne2 Qxb2 14. Rb1 Qxa2 15. c4 Qa6 16. Ra1 Qb6 17. Ba5 Qb2 18. Rb1 Qa3 19. Bb4 Qa6 20. Ra1 Qb6 21. Ba5 Qb2 22. Nc3 b6 23. Ra2 Qxa2 24. Nxa2 bxa5 25. Qa4 e6 26. Qxc6 Rb8 27. d5 e5 28. Re1 e4 29. Bxe4 Nxe4 30. Rxe4+ Kd8 31. g3 Bc5 32. Nc3 Rb6 33. Qa4 a6 34. Qc2 Kc7 35. Na4 Rb4 36. Nxc5 Nxc5 37. Re7+ Kd6 38. Qe2 f6 39. Rxg7 Rb7 40. Rxb7 Nxb7 41. Qe6+ Kc7 42. c5 Rd8 43. Qb6+ Kb8 44. c6 1-0